Imro Weiner-Kráľ : 1901-1978 : súborné dielo : Slovenská národná galéria starého a moderného umenia, december 1991 - február 1992 : katalóg výstavy /

Hlavní autor: Weiner-Kráľ, Imro, 1901-1978
Další autoři: Ilečková, Silvia, 1938-
Jazyk: Němčina
Slovenština
Vydáno: Bratislava : Slovenská národná galéria, 1992
Témata:
Fyzický popis: 85 s. : il.
Language note: Německý text
Knihy
Uloženo v:
LEADER 01105nam a22002652a 4500
001 000889098
003 CZ BrMZK
005 20080311094543.0
007 ta
008 080311s1992 xo a er|||||||||||slo d
040 |a BOA001  |b cze 
041 0 |a slo  |a ger 
080 9 |a 75(437.6)"19":92 Weiner-Kráľ, Imro(064):084 
100 1 |a Weiner-Kráľ, Imro,  |d 1901-1978  |7 ola200206406  |4 aut 
245 1 0 |a Imro Weiner-Kráľ :  |b 1901-1978 : súborné dielo : Slovenská národná galéria starého a moderného umenia, december 1991 - február 1992 : katalóg výstavy /  |c Imro Weiner-Kráľ ; autorka katalógu Silvia Ilečková ; fotografie Irena Blühová ... [et al.] 
260 |a Bratislava :  |b Slovenská národná galéria,  |c 1992 
300 |a 85 s. :  |b il. 
504 |a Obsahuje bibliografii 
546 |a Německý text 
700 1 |a Ilečková, Silvia,  |d 1938-  |7 mzk2004148364  |4 aut 
910 |a BOA001  |b 4-0976.511 
964 |a Weiner-Kráľ, Imro - život - obrazy - katalogy 
990 |a BK 
991 |b 200803 
996 6 |b BC-561255  |c 4-0976.511  |l MZK  |r Sklad / do 1 hodiny  |n 0  |w 000889098  |u 000010  |a 1  |e BOA001  |j MZK50  |s P